تواتر اور تسلسل : (Record no. 107147)

MARC details
000 -LEADER
fixed length control field 00849nam a22002537a 4500
005 - DATE AND TIME OF LATEST TRANSACTION
control field 20170123162322.0
010 ## - LIBRARY OF CONGRESS CONTROL NUMBER
LC control number A-848361
020 ## - INTERNATIONAL STANDARD BOOK NUMBER
Terms of availability 200.00
035 ## - SYSTEM CONTROL NUMBER
System control number A-848361
037 ## - SOURCE OF ACQUISITION
Source of stock number/acquisition Cen Lib/Ret
040 ## - CATALOGING SOURCE
Original cataloging agency DPL
Language of cataloging UR
082 ## - DEWEY DECIMAL CLASSIFICATION NUMBER
Classification number 840.8
Item number ب ل ر
100 ## - MAIN ENTRY--PERSONAL NAME
Personal name بلراج کومل
9 (RLIN) 117508
245 ## - TITLE STATEMENT
Title تواتر اور تسلسل :
Statement of responsibility, etc بلراج کومل
Remainder of title تنقیدی مضامین /
246 ## - VARYING FORM OF TITLE
Title proper/short title Tawatur aur tasalsul : tanqeedi mazamen /
Remainder of title by Balraj Komal
260 ## - PUBLICATION, DISTRIBUTION, ETC. (IMPRINT)
Place of publication, distribution, etc نیی دہلی
Name of publisher, distributor, etc ادب پبلکشانس
Date of publication, distribution, etc 1995
270 ## - ADDRESS
City نیی دہلی
300 ## - PHYSICAL DESCRIPTION
Extent 262p.
Dimensions 21cm(Hb)
650 ## - SUBJECT ADDED ENTRY--TOPICAL TERM
Topical term or geographic name as entry element اردو ادب
9 (RLIN) 117509
650 ## - SUBJECT ADDED ENTRY--TOPICAL TERM
Topical term or geographic name as entry element اردو تنقیدی مضامین
9 (RLIN) 114356
650 ## - SUBJECT ADDED ENTRY--TOPICAL TERM
Topical term or geographic name as entry element Urdu literature
9 (RLIN) 117510
650 ## - SUBJECT ADDED ENTRY--TOPICAL TERM
Topical term or geographic name as entry element Urdu critical artices
9 (RLIN) 117511
942 ## - ADDED ENTRY ELEMENTS (KOHA)
Source of classification or shelving scheme Dewey Decimal Classification
Koha item type Urdu Bks
Classification part 840.8
Call number suffix ب ل ر
Holdings
Withdrawn status Lost status Damaged status Not for loan Home library Current library Date acquired Source of acquisition Cost, normal purchase price Total Checkouts Full call number Barcode Date last seen Copy number Cost, replacement price Price effective from Koha item type
        Central Library Central Library 04/01/2016 Cen Lib/Ret 200.00   840.8 ب ل ر A-848361 04/01/2016 1 200.00 04/01/2016 Urdu Bks

© Delhi Public Library
Hit Counter
free hit counter